Apokalypse: Die Geheime Offenbarung des Johannes

Saved in:  
Bibliographic Details
Main Author: Johannes, Evangelist, Heiliger (Author)
Contributors: Müller-Jurgens, Wilhelm 1883-1972 (Other) ; Johannes Evangelist, Heiliger (Other)
Format: Print Book
Language:German
Subito Delivery Service: Order now.
Check availability: HBZ Gateway
WorldCat: WorldCat
Interlibrary Loan:Interlibrary Loan for the Fachinformationsdienste (Specialized Information Services in Germany)
Published: Nürnberg Glock u. Lutz 1961
In:Year: 1961
Standardized Subjects / Keyword chains:B Revelation
Further subjects:B Commentary

MARC

LEADER 00000cam a22000002c 4500
001 177128941
003 DE-627
005 20230307164420.0
007 tu
008 950105s1961 gw ||||| 00| ||ger c
016 7 |a 452230276  |2 DE-101 
020 |c  : 12.80 (Lw.) 
035 |a (DE-627)177128941 
035 |a (DE-576)072705108 
035 |a (DE-599)GBV177128941 
035 |a (OCoLC)300049010 
040 |a DE-627  |b ger  |c DE-627  |e rakwb 
041 |a ger 
044 |c XA-DE 
084 |a 02a  |2 sdnb 
084 |a BC 2495  |2 rvk  |0 (DE-625)rvk/9313:13077 
084 |a BC 5090  |2 rvk  |0 (DE-625)rvk/9489: 
100 0 |0 (DE-588)118557815  |0 (DE-627)14730833X  |0 (DE-576)16159588X  |4 aut  |a Johannes  |c Evangelist, Heiliger 
109 |a Jowhannēs  |a Hovhannes Aṙak'yal  |a Jehan Théologien  |a Giovanni Apostolo  |a John Apostolus  |a Johannes Evangelist, Heiliger  |a Yohana  |a Jan Svat'y  |a Iehan Théologien  |a Johan  |a Saint John  |a St. John  |a Johannes Sohn des Zebedäus  |a John Evangelist  |a Jean Apostolus  |a Jean Évangéliste  |a Joannes Apostolus  |a Johannes  |a Johannes Heiliger  |a Johannes Evangelista  |a Giovanni Evangelista  |a Yoḥanan  |a Yochanan  |a Iōannēs  |a Iehan Saint  |a Ioannes Theologos  |a Yuḥannā Evangelista  |a Juchanan  |a Giovanni San  |a Iohannes  |a Joannes  |a Joannes Evangelista  |a John Apostle  |a Jean  |a Jean Apôtre  |a Ioannes Apostolus  |a Jehan Saint  |a Joan Sant  |a Jochanan  |a Johannes Sanctus  |a Johannes Theologus  |a Joann  |a Johannes Apostolus  |a Giovanni  |a Ivan Zavedeïv  |a Yohane  |a Jan Sv.  |a Jean Saint  |a Iohin  |a Johannes Biblische Person  |a Pseudo-Johannes Apostolus  |a Johannes Ben-Zebedäus  |a Johan Evangelist  |a János Apostol  |a Joannes Sanctus  |a Joanesen S.  |a John Saint  |a Ioann Apostol  |a Ivan Bohoslov  |a Joanesen San  |a Jovan Sveti  |a Iōannēs Apostolos  |a Ioann Bogoslov  |a Johannes Apostel  |a Yah'ia, Reçoul  |a Pseudo-Johannes Apostel  |a Pseudo-Johannes Evangelist  |a Sanctus Johannes  |a Apostel Johannes  |a Heiliger Johannes 
240 1 0 |a Apocalypsis <dt.> 
245 1 0 |a Apokalypse  |b Die Geheime Offenbarung des Johannes  |c Johannes. Textgestaltung u. Kommentar von Wilhelm Müller-Jurgens 
263 |a Lw. : 12.80 
264 1 |a Nürnberg  |b Glock u. Lutz  |c 1961 
300 |a 157 S  |c gr. 8 
336 |a Text  |b txt  |2 rdacontent 
337 |a ohne Hilfsmittel zu benutzen  |b n  |2 rdamedia 
338 |a Band  |b nc  |2 rdacarrier 
583 1 |a Archivierung prüfen  |c 20200919  |f DE-640  |z 3  |2 pdager 
601 |a Apokalypse 
601 |a Offenbarung 
655 7 |a Kommentar  |0 (DE-588)4136710-8  |0 (DE-627)104500719  |0 (DE-576)209671467  |2 gnd-content 
689 0 0 |d u  |0 (DE-588)4073055-4  |0 (DE-627)104675063  |0 (DE-576)20918924X  |a Bibel  |2 gnd  |p Offenbarung des Johannes 
689 0 |5 (DE-627) 
700 1 |0 (DE-588)127795707  |0 (DE-627)695572482  |0 (DE-576)296661651  |4 oth  |a Müller-Jurgens, Wilhelm  |d 1883-1972 
700 0 2 |a Johannes  |c Evangelist, Heiliger  |t Apocalypsis <dt.> 
935 |a mteo 
935 |i Blocktest 
936 r v |a BC 2495  |b = Deutsch  |k Theologie und Religionswissenschaften  |k Bibelwissenschaft  |k Bibeltexte, Bibelkommentare und Abhandlungen  |k Bibeltexte und -übersetzungen  |k Neutestamentliche Bücher  |k Katholische Briefe  |k Johannes-Apokalypse  |k = Deutsch  |0 (DE-627)127240904X  |0 (DE-625)rvk/9313:13077  |0 (DE-576)20240904X 
936 r v |a BC 5090  |b Johannes-Apokalypse  |k Theologie und Religionswissenschaften  |k Bibelwissenschaft  |k Bibeltexte, Bibelkommentare und Abhandlungen  |k Bibelkommentare  |k Neutestamentliche Bücher  |k Katholische Briefe  |k Johannes-Apokalypse  |0 (DE-627)1270888412  |0 (DE-625)rvk/9489:  |0 (DE-576)200888412 
951 |a BO 
BIB |a 1 
BIR |a 27000000_27999999  |b biblesearch 
ELC |b 1 
ORI |a SA-MARC-ixtheo_oa001.raw 
SUB |a BIB 
SYG 0 0 |a Apocalypsis Johannis,Apokalypse des Johannes,Johannesapokalypse,Johannes-Apokalypse,Geheime Offenbarung,Geheime Offenbarung des Johannes,Johannesoffenbarung,Johannes-Offenbarung,Book of Relevation,Apokalypse,Apocalypse,Apocalypse de Jean,Offb,Apoc,Apc,Ap,Rev,Offenbarung des Johannes,Apocalypsin Johannis,L' Apocalypse de Saint Jean,Die Apokalypse des Johannes,Die Johannesapokalypse,Book of revelation,<>L'apocalisse di Giovanni,Revelation,The Revelation of John